| 000 | 01254nam a2200277Ia 4500 | ||
|---|---|---|---|
| 003 | OSt | ||
| 005 | 20221005104037.0 | ||
| 006 | a|||||r|||| 00| 0 | ||
| 007 | ta | ||
| 008 | 221004b |||||||| |||| 00| 0 hin d | ||
| 024 | _a30986 | ||
| 037 | _cTextual | ||
| 040 |
_aCRL _cCRL _bhin |
||
| 041 |
_2hin _ahin |
||
| 082 | _aR625x7, 152N1 | ||
| 100 | _aभट्टाचार्य, विश्वनाथ | ||
| 245 | 0 |
_aन्यायसिद्धान्तमुक्तावली _b विलासिनी-संस्कृत-हिंदी व्याख्याद्वयोपेता |
|
| 246 | _aNyāyasiddhāntamuktāvalī: vilāsinī-sanskṛuta-hiandī vyākhyādvayopetā | ||
| 250 | _aद्वितीय संस्करण | ||
| 260 |
_aदिल्ली _bचौखम्बा संस्कृत प्रतिष्ठान भारत _c1991 |
||
| 300 |
_a254पृ. _ccm. |
||
| 490 | _aव्रजजीवन प्राच्यभारती ग्रंथमाला; 51 | ||
| 650 | _aसंस्कृत साहित्य | ||
| 942 |
_hR625x7, 152N1 _cTEXL _2cc |
||
| 999 |
_c1011571 _d1011571 |
||